MARC

LEADER 00000nam0a2200000 4500
001 235152
005 20231101231358.0
035 |a (RuTPU)RU\TPU\book\256282 
090 |a 235152 
100 |a 20130405d1972 m y0rusy50 ca 
101 0 |a rus 
102 |a RU 
105 |a a z 001zy 
200 1 |a Земля - космос - Луна  |f С. Н. Минчин, А. Т. Улубеков 
210 |a Москва  |c Машиностроение  |d 1972 
215 |a 244 с.  |c ил. 
320 |a Библиогр.: с. 241-242. 
606 |a Космическое пространство  |x Освоение  |2 stltpush  |3 (RuTPU)RU\TPU\subj\15880  |9 42084 
610 1 |a Земля 
610 1 |a Луна 
610 1 |a космос 
610 1 |a автоматические станции 
610 1 |a полеты 
610 1 |a околопланетное пространство 
610 1 |a картографирование 
610 1 |a физико-химические свойства 
675 |a 629  |v 3 
700 1 |a Минчин  |b С. Н.  |g Самарий Наумович 
701 1 |a Улубеков  |b А. Т.  |g Аркадий Тигранович 
801 1 |a RU  |b 63413507  |c 20130405 
801 2 |a RU  |b 63413507  |c 20150615  |g RCR 
942 |c BK